000 nam a22 7a 4500
999 _c8309
_d8309
008 171219b xxu||||| |||| 00| 0 eng d
100 _94727
_aFORD MAGGIE
245 _aA GIRL IN WARTIME
260 _aUK
_bPENGUIN
_c2016